| 000 | 00452nam a2200181Ia 4500 | ||
|---|---|---|---|
| 005 | 20240921120719.0 | ||
| 008 | 240921s9999||||xx |||||||||||||| ||und|| | ||
| 041 | _aENGLISH | ||
| 082 | _A005.453 M6 | ||
| 100 | _aBarrett,William A [etal] | ||
| 245 | 0 | _aCompiler Construction | |
| 250 | _a2nd | ||
| 260 |
_c1986 _bGalgotia,New Delhi |
||
| 500 | _aComputer Parts | ||
| 650 |
_aConstruction _bComputer Applications |
||
| 942 | _cBK | ||
| 999 |
_c247386 _d247386 |
||